[Event "TORNEIO DE XADREZ DE NATAL - CMIL 2018"]
[Site "AV. RIO BRANCO 251 - 4º ANDAR"]
[Date "2019.12.03"]
[Round "4.6"]
[White "João Eudes de Oliveira"]
[Black "Jorge Macario"]
[Result "1/2-1/2"]
[WhiteElo "1900"]
[BlackElo "2014"]
[PlyCount "85"]
[EventDate "2019.11.21"]

1. d4 d5 2. Nf3 Nf6 3. c3 e6 4. Bg5 Be7 5. Nbd2 Nbd7 6. e3 O-O 7. Bd3 c5 8. O-O
Re8 9. Ne5 Nxe5 10. dxe5 Nd7 11. Bxe7 Qxe7 12. f4 Nf8 13. Qh5 g6 14. Qh3 f5 15.
exf6 Qxf6 16. Qg3 Bd7 17. Nf3 Bc6 18. Ne5 Kg7 19. Rf2 Rad8 20. Raf1 Nd7 21. h4
Kh8 22. Qh2 Qg7 23. g4 Rf8 24. g5 Nxe5 25. fxe5 Kg8 26. Rf6 d4 27. exd4 cxd4
28. cxd4 Qd7 29. Rxf8+ Rxf8 30. Rxf8+ Kxf8 31. Qf4+ Kg7 32. Bc4 b5 33. Bb3 a5
34. a3 a4 35. Ba2 Bd5 36. Bxd5 Qxd5 37. Qf2 Qe4 38. Kh2 Qg4 39. Kh1 Qd1+ 40.
Kg2 Qg4+ 41. Kh2 Qe4 42. Kg3 Qd3+ 43. Kf4 1/2-1/2

[Event "TORNEIO DE XADREZ DE NATAL - CMIL 2018"]
[Site "AV. RIO BRANCO 251 - 4º ANDAR"]
[Date "2019.12.03"]
[Round "4.7"]
[White "Guilherme Calmbach"]
[Black "Francisco Marques de Figueired"]
[Result "0-1"]
[WhiteElo "1939"]
[BlackElo "1900"]
[PlyCount "69"]
[EventDate "2019.11.21"]

1. e4 d6 2. d4 Nf6 3. Nc3 g6 4. Bg5 Bg7 5. Qd2 h6 6. Bh4 c5 7. d5 O-O 8. Nf3 a6
9. a4 Nbd7 10. Rd1 Rb8 11. Bc4 Nb6 12. Ba2 Bd7 13. b3 Rc8 14. e5 Ng4 15. exd6
g5 16. Bg3 exd6 17. O-O Bf5 18. h4 Qf6 19. Ne2 Nd7 20. hxg5 hxg5 21. Qxg5 Nde5
22. Qxf6 Bxf6 23. Nxe5 Nxe5 24. c4 Rfd8 25. Bb1 Bg6 26. Nf4 Kg7 27. Bxg6 Nxg6
28. Nxg6 fxg6 29. Bxd6 Rxd6 30. Rfe1 Bd4 31. Re2 Rf6 32. Rf1 a5 33. Re7+ Rf7
34. Rxf7+ Kxf7 35. g3 0-1

[Event "TORNEIO DE XADREZ DE NATAL - CMIL 2018"]
[Site "AV. RIO BRANCO 251 - 4º ANDAR"]
[Date "2019.12.03"]
[Round "4.9"]
[White "Napoleao Rolim"]
[Black "Tarcisio Dantas Frota Leite"]
[Result "0-1"]
[WhiteElo "1811"]
[BlackElo "2049"]
[PlyCount "33"]
[EventDate "2019.11.21"]

1. d4 Nf6 2. e3 g6 3. c3 Bg7 4. Bc4 O-O 5. a3 d5 6. Ba2 Nbd7 7. Nf3 c5 8. Nbd2
b6 9. O-O Bb7 10. Bb1 Rc8 11. Re1 Re8 12. Ng5 e5 13. Nh3 Qc7 14. Kh1 Re7 15.
Nf3 exd4 16. cxd4 Ng4 17. Nf4 0-1

[Event "TORNEIO DE XADREZ DE NATAL - CMIL 2018"]
[Site "AV. RIO BRANCO 251 - 4º ANDAR"]
[Date "2019.12.05"]
[Round "5.1"]
[White "Paulo Fernando de Lima Rodrigu"]
[Black "Carlos Alves Rolim"]
[Result "1/2-1/2"]
[WhiteElo "1800"]
[BlackElo "2234"]
[PlyCount "93"]
[EventDate "2019.11.21"]

1. d4 d5 2. c4 c6 3. Nf3 dxc4 4. a4 Bf5 5. e3 b5 6. axb5 cxb5 7. Nc3 b4 8. Qa4+
Nd7 9. Qxb4 Nb6 10. Bxc4 Nxc4 11. Qxc4 Nf6 12. O-O Be6 13. Qa4+ Bd7 14. Qd1 e6
15. Ne5 Bc8 16. Qf3 Bd7 17. Ne4 Be7 18. Bd2 O-O 19. Rfc1 Bb5 20. Ra5 a6 21. Nc6
Qd7 22. Nxe7+ Qxe7 23. Nxf6+ gxf6 24. Bc3 Rac8 25. Raa1 Kh8 26. e4 Rg8 27. Rd1
Rg6 28. g3 Rcg8 29. d5 exd5 30. exd5 Be2 31. Re1 Bxf3 32. Rxe7 Bxd5 33. Rxa6
Be6 34. f4 h5 35. f5 Bxf5 36. Rxf6 Rxf6 37. Bxf6+ Kh7 38. Bc3 Be6 39. Kf2 Kg6
40. Ra7 Re8 41. Ra4 Bg4 42. Ra6+ Kh7 43. Ra7 Re2+ 44. Kg1 Kg6 45. Ra5 Rc2 46.
Rd5 Bf3 47. Rd2 1/2-1/2

[Event "TORNEIO DE XADREZ DE NATAL - CMIL 2018"]
[Site "AV. RIO BRANCO 251 - 4º ANDAR"]
[Date "2019.12.05"]
[Round "5.2"]
[White "Juarez Ant. Alves de Castro Li"]
[Black "David Borensztajn"]
[Result "1/2-1/2"]
[WhiteElo "2195"]
[BlackElo "2030"]
[PlyCount "103"]
[EventDate "2019.11.21"]

1. Nc3 d5 2. d4 c6 3. Nf3 Nd7 4. g3 Ngf6 5. Bg2 e6 6. a3 Be7 7. O-O O-O 8. b4
b6 9. Bb2 Ba6 10. Re1 c5 11. Ne5 Rc8 12. b5 Bb7 13. e3 Nxe5 14. dxe5 Nd7 15. a4
Qc7 16. f4 f6 17. Bh3 f5 18. Bg2 Qd8 19. Ne2 c4 20. Nd4 Nc5 21. Ba3 Qd7 22.
Bxc5 Bxc5 23. c3 Rfe8 24. Kh1 Bxd4 25. exd4 Ra8 26. g4 Qf7 27. Rf1 g6 28. Bh3
Kf8 29. a5 bxa5 30. gxf5 exf5 31. Rxa5 a6 32. bxa6 Bxa6 33. Qa4 Bb7 34. Rb1
Rxa5 35. Qxa5 Bc8 36. Bg2 Be6 37. Rb5 Qe7 38. Bxd5 Bxd5+ 39. Rxd5 Qh4 40. Qb4+
Kg7 41. Qxc4 Qe1+ 42. Kg2 Qe4+ 43. Kf2 Qxf4+ 44. Ke1 Rxe5+ 45. Kd1 Qf3+ 46. Kc2
Re1 47. Kb2 Qd1 48. Ka3 Qa1+ 49. Kb4 Rb1+ 50. Kc5 Qa5+ 51. Kd6 Qa3+ 52. Qc5
1/2-1/2

[Event "TORNEIO DE XADREZ DE NATAL - CMIL 2018"]
[Site "AV. RIO BRANCO 251 - 4º ANDAR"]
[Date "2019.12.05"]
[Round "5.3"]
[White "Antonio Mauricio Rios Horta"]
[Black "Marcelo Oliveira de Deus"]
[Result "1-0"]
[WhiteElo "2064"]
[BlackElo "2021"]
[PlyCount "35"]
[EventDate "2019.11.21"]

1. d4 Nf6 2. Nd2 e6 3. e3 Be7 4. Bd3 O-O 5. f4 Nd5 6. Ndf3 Bb4+ 7. c3 Nxc3 8.
bxc3 Bxc3+ 9. Bd2 Bxa1 10. Qxa1 h6 11. Ne2 b6 12. h4 Bb7 13. Kf2 d6 14. g4 f6
15. g5 fxg5 16. hxg5 Bxf3 17. Kxf3 hxg5 18. Bg6 1-0

[Event "TORNEIO DE XADREZ DE NATAL - CMIL 2018"]
[Site "AV. RIO BRANCO 251 - 4º ANDAR"]
[Date "2019.12.05"]
[Round "5.4"]
[White "Tarcisio Dantas Frota Leite"]
[Black "Wagner Soares de Morais"]
[Result "0-1"]
[WhiteElo "2049"]
[BlackElo "2104"]
[PlyCount "85"]
[EventDate "2019.11.21"]

1. e4 c5 2. g3 Nc6 3. Bg2 g6 4. Ne2 Bg7 5. Nbc3 Nf6 6. O-O O-O 7. Nd5 Nxd5 8.
exd5 Nd4 9. c3 Nxe2+ 10. Qxe2 e6 11. d3 exd5 12. Bxd5 d6 13. Qf3 Rb8 14. Bf4 b5
15. Rac1 b4 16. Bd2 a5 17. Rfe1 Bf5 18. Bf4 bxc3 19. bxc3 a4 20. h4 h6 21. Bc4
Qd7 22. Qd5 Rb6 23. Qf3 Be6 24. Bd5 Rb2 25. Qe4 Bxd5 26. Qxd5 Rd8 27. Be3 Qb7
28. Qc4 Be5 29. Bf4 Qf3 30. Rf1 Bxf4 31. Qxf4 Qxf4 32. gxf4 Rxa2 33. Rb1 a3 34.
Rb7 Ra8 35. Rfb1 Kg7 36. Kg2 Rd2 37. d4 cxd4 38. cxd4 Rxd4 39. Kg3 a2 40. Ra1
Rd3+ 41. f3 Raa3 42. Rd7 Rxf3+ 43. Kg2 0-1

[Event "TORNEIO DE XADREZ DE NATAL - CMIL 2018"]
[Site "AV. RIO BRANCO 251 - 4º ANDAR"]
[Date "2019.12.05"]
[Round "5.5"]
[White "Vicente de Paulo Alencar de Br"]
[Black "João Eudes de Oliveira"]
[Result "0-1"]
[WhiteElo "2042"]
[BlackElo "1900"]
[Annotator "carev"]
[PlyCount "96"]
[EventDate "2019.11.21"]

1. e4 c5 2. d4 cxd4 3. c3 d3 4. Bxd3 Nc6 5. Nf3 e5 6. c4 Nf6 7. O-O Be7 8. Nc3
d6 9. h3 O-O 10. b3 a6 11. a4 Bd7 12. Ba3 h6 13. Bc2 Re8 14. Bxd6 Be6 15. Bxe5
Nxe5 16. Nxe5 Qc7 17. Nf3 Rad8 18. Nd5 Nxd5 19. exd5 Bc8 20. Qd3 g6 21. Rfe1
Bb4 22. Rxe8+ Rxe8 23. Qd4 b6 24. Qh4 Kg7 25. Qd4+ Kg8 26. Qh4 Kg7 27. Qd4+ f6
28. Nh4 Bc5 29. Qd3 f5 30. Qc3+ Qe5 31. Qxe5+ Rxe5 32. Bd3 a5 33. Nf3 Re7 34.
Re1 Rxe1+ 35. Nxe1 Kf6 36. Kf1 g5 37. Ke2 Bd7 38. f3 Ke5 39. Nc2 Kf4 40. g4
fxg4 41. fxg4 Kg3 42. Bf5 Be8 43. Ne1 Kxh3 44. Nd3 Bd6 45. Kf3 Kh4 46. Nf2 h5
47. gxh5 Bxh5+ 48. Bg4 Bg6 {Tempo} 0-1

[Event "TORNEIO DE XADREZ DE NATAL - CMIL 2018"]
[Site "AV. RIO BRANCO 251 - 4º ANDAR"]
[Date "2019.12.05"]
[Round "5.6"]
[White "Jorge Macario"]
[Black "Celso João Dias da Silva"]
[Result "1-0"]
[WhiteElo "2014"]
[BlackElo "1853"]
[PlyCount "63"]
[EventDate "2019.11.21"]

1. d4 d5 2. e3 Nf6 3. Bd3 Nc6 4. c3 e5 5. Nd2 e4 6. Be2 Bf5 7. h3 h5 8. Qb3 b6
9. a3 Qd6 10. c4 Bd7 11. cxd5 Ne7 12. Bc4 O-O-O 13. Ne2 Bf5 14. Nc3 Bd7 15.
Ba6+ Kb8 16. Nc4 Ba4 17. Qxa4 Qd7 18. Qxd7 Nxd7 19. d6 Nf5 20. dxc7+ Kxc7 21.
Nb5+ Kb8 22. Bd2 Nf6 23. Ne5 Rd6 24. Nxf7 Rh6 25. Nxh6 Nxh6 26. Nxd6 Bxd6 27.
Bb4 Bc7 28. Rc1 Nf7 29. Ke2 Ng5 30. Be7 Nf7 31. Bxf6 gxf6 32. Rc6 1-0

[Event "TORNEIO DE XADREZ DE NATAL - CMIL 2018"]
[Site "AV. RIO BRANCO 251 - 4º ANDAR"]
[Date "2019.12.05"]
[Round "5.7"]
[White "Francisco Marques de Figueired"]
[Black "Salomão Rovedo"]
[Result "0-1"]
[WhiteElo "1900"]
[BlackElo "1826"]
[PlyCount "52"]
[EventDate "2019.11.21"]

1. e4 c5 2. c3 Nc6 3. d4 cxd4 4. cxd4 e6 5. Nc3 Bb4 6. Nf3 Nf6 7. Bd3 d6 8. O-O
O-O 9. Bg5 Bxc3 10. bxc3 h6 11. Bh4 e5 12. h3 Re8 13. Qd2 Nb8 14. Kh2 a6 15. g4
Nbd7 16. g5 hxg5 17. Nxg5 Nf8 18. Qe3 Ng6 19. Nf3 Bxh3 20. Bxf6 Qxf6 21. Kxh3
Nf4+ 22. Kh2 Qh6+ 23. Nh4 Qxh4+ 24. Kg1 Re6 25. Rfd1 Rg6+ 26. Kf1 Qh1# 0-1

[Event "TORNEIO DE XADREZ DE NATAL - CMIL 2018"]
[Site "AV. RIO BRANCO 251 - 4º ANDAR"]
[Date "2019.12.10"]
[Round "6.2"]
[White "Wagner Soares de Morais"]
[Black "Carlos Alves Rolim"]
[Result "1/2-1/2"]
[WhiteElo "2104"]
[BlackElo "2234"]
[PlyCount "153"]
[EventDate "2019.11.21"]

{[%evp 0,90,23,15,23,-16,23,19,32,30,27,8,19,39,27,18,25,19,54,37,38,31,57,13,
16,14,92,86,89,98,117,86,105,119,109,109,109,89,75,72,77,66,83,55,98,101,130,
94,94,63,87,9,25,0,23,39,69,-223,-242,-239,-236,-316,-309,-358,-333,-354,-363,
-360,-370,-363,-384,-371,-413,-547,-572,-589,-599,-596,-518,-528,-463,-469,
-479,-459,-412,-456,-355,-391,-363,-378,-248,-316,-279]} 1. d4 d5 2. c4 c6 3.
cxd5 cxd5 4. Bf4 Nf6 5. Nf3 Nc6 6. e3 Nh5 7. Bg5 Qb6 8. Nc3 e6 9. Rb1 h6 10.
Bh4 g5 11. Bg3 Nxg3 12. hxg3 Bd7 13. Nxg5 Be7 14. Nf3 Bb4 15. Qd2 O-O-O 16. a3
Bd6 17. Nb5 Be7 18. Rc1 Kb8 19. Nc3 Na5 20. Rb1 f6 21. Bd3 Be8 22. Qe2 a6 23.
b4 Qc7 24. bxa5 Qxc3+ 25. Nd2 Ka7 26. O-O Qxa5 27. Rfc1 Bc6 28. Bxa6 Qxa6 29.
Qxa6+ Kxa6 30. a4 Rc8 31. a5 Bb5 32. Nb3 Rxc1+ 33. Rxc1 Bc4 34. Nd2 Rc8 35. e4
Bb4 36. Nf3 dxe4 37. Nh4 Bxa5 38. Ng6 e3 39. fxe3 Bd2 40. Ra1+ Kb6 41. Kf2 Bd3
42. Nf4 Bf5 43. Ra2 Bb4 44. Kf3 h5 45. Nxh5 Be7 46. Ng7 Bd3 47. Rb2+ Kc7 48.
Nxe6+ Kd7 49. Nf4 Ba6 50. Nd5 b5 51. Nb6+ Kc6 52. Nxc8 Bxc8 53. d5+ Kb6 54. e4
b4 55. g4 Bd6 56. g3 Kb5 57. Rc2 Bb7 58. g5 fxg5 59. Kg4 b3 60. Rc1 Kb4 61. Kf5
Bxg3 62. Kxg5 b2 63. Rb1 Kc3 64. Kf5 Ba6 65. Rxb2 Kxb2 66. e5 Bd3+ 67. Kf6 Bh4+
68. Kf7 Bc4 69. Ke6 Kc3 70. Kd6 Bg3 71. Kc6 Kd4 72. d6 Bd5+ 73. Kd7 Kxe5 74.
Ke7 Bh4+ 75. Kd7 Bb3 76. Kc7 Ke6 77. d7 1/2-1/2

[Event "TORNEIO DE XADREZ DE NATAL - CMIL 2018"]
[Site "AV. RIO BRANCO 251 - 4º ANDAR"]
[Date "2019.12.10"]
[Round "6.3"]
[White "David Borensztajn"]
[Black "Paulo Fernando de L. Rodrigues"]
[Result "1/2-1/2"]
[WhiteElo "2030"]
[BlackElo "1800"]
[PlyCount "85"]
[EventDate "2019.11.21"]

{[%evp 0,85,32,15,27,30,27,18,19,10,8,-4,-5,-18,-21,-24,29,7,44,17,55,17,12,25,
15,9,17,18,26,-88,14,16,15,-6,30,15,48,47,64,31,31,-28,-27,-16,-3,-12,-13,-21,
-6,-21,-14,-14,-32,-33,0,-9,-9,-9,27,27,16,-65,-41,-43,-51,-69,116,90,136,205,
363,358,358,190,209,169,122,184,182,143,1067,-29981,-29982,-29985,-29986,
-29989,-29984,-29985]} 1. d4 Nf6 2. Nf3 d5 3. e3 e6 4. Bd3 c5 5. b3 Nc6 6. a3
a6 7. Bb2 Be7 8. Nbd2 Bd7 9. O-O Rc8 10. Ne5 cxd4 11. exd4 Qb6 12. Nxd7 Nxd7
13. Nf3 Bf6 14. Re1 O-O 15. c3 g6 16. b4 Qd8 17. Rc1 b5 18. a4 Na7 19. axb5
Nxb5 20. Bxb5 axb5 21. Qd3 Qb6 22. Ra1 Ra8 23. Nd2 Qc6 24. Nb3 Nb6 25. Na5 Qd7
26. Bc1 Nc4 27. Bd2 Ra7 28. Nxc4 dxc4 29. Qf3 Bg7 30. Ra5 Rxa5 31. bxa5 Qa7 32.
Ra1 Rc8 33. a6 Rc7 34. Be3 Bf8 35. d5 Bc5 36. dxe6 fxe6 37. Bh6 Rf7 38. Qc6
Rxf2 39. Kh1 Qf7 40. h3 Rf1+ 41. Kh2 Bg1+ 42. Kg3 Bf2+ 43. Kh2 1/2-1/2

[Event "TORNEIO DE XADREZ DE NATAL - CMIL 2018"]
[Site "AV. RIO BRANCO 251 - 4º ANDAR"]
[Date "2019.12.10"]
[Round "6.4"]
[White "Marcelo Oliveira de Deus"]
[Black "Jorge Macario"]
[Result "0-1"]
[WhiteElo "2021"]
[BlackElo "2014"]
[PlyCount "118"]
[EventDate "2019.11.21"]

1. e4 c6 2. d4 d5 3. e5 Bf5 4. h4 Nd7 5. g4 Be6 6. f4 g6 7. g5 Qb6 8. Bh3 Bxh3
9. Rxh3 O-O-O 10. Qd3 e6 11. h5 Bg7 12. h6 Bf8 13. a4 c5 14. c3 Kb8 15. a5 Qc6
16. Be3 Ne7 17. dxc5 Nxc5 18. Bxc5 Qxc5 19. Ne2 Nf5 20. b4 Qc7 21. a6 b6 22.
Na3 Be7 23. Nb5 Qd7 24. Ned4 Nxd4 25. Nxd4 Rc8 26. b5 Rc4 27. Rd1 Rhc8 28. Nc6+
R8xc6 29. bxc6 Qxc6 30. Qd2 Qa4 31. Rf3 Bc5 32. Kf1 Qxa6 33. Qe2 Qa4 34. Qd2
Qc6 35. Kg2 a5 36. Kg3 a4 37. Qa2 a3 38. Rfd3 Qa4 39. Rf1 Kc7 40. Rff3 b5 41.
Rd4 Bxd4 42. cxd4 b4 43. Rf2 b3 44. Qa1 Qb4 45. Rf3 Kb6 46. Kg4 Kb5 47. Rd3 Ka4
48. Qd1 Rc3 49. Rd2 Qc4 50. Qe1 Rc2 51. f5 gxf5+ 52. Kh5 Rxd2 53. Qxd2 a2 54.
Qb2 Kb4 55. g6 hxg6+ 56. Kg5 Qc3 57. Qxc3+ Kxc3 58. h7 a1=Q 59. h8=Q b2 0-1

[Event "TORNEIO DE XADREZ DE NATAL - CMIL 2018"]
[Site "AV. RIO BRANCO 251 - 4º ANDAR"]
[Date "2019.12.10"]
[Round "6.5"]
[White "João Eudes de Oliveira"]
[Black "Francisco Marques de Figueired"]
[Result "0-1"]
[WhiteElo "1900"]
[BlackElo "1900"]
[PlyCount "108"]
[EventDate "2019.11.21"]

1. d4 Nf6 2. Nf3 g6 3. c3 Bg7 4. Bg5 O-O 5. e3 b6 6. Nbd2 Ba6 7. Bxa6 Nxa6 8.
O-O h6 9. Bh4 d6 10. Re1 c6 11. e4 Re8 12. Qe2 Nc7 13. e5 g5 14. Bg3 Nh5 15.
Nf1 Nd5 16. Qc2 Qd7 17. Rad1 Rac8 18. h4 g4 19. N3h2 Nxg3 20. Nxg3 Nf4 21. Nf5
h5 22. Nxg7 Kxg7 23. g3 Nh3+ 24. Kg2 e6 25. f3 c5 26. Qe2 Qc6 27. exd6 Rcd8 28.
dxc5 e5 29. Qe4 Qxc5 30. Re3 f5 31. Qb7+ Kf8 32. Rde1 Rxd6 33. fxg4 hxg4 34.
Nxg4 Re7 35. Qa8+ Kg7 36. Kxh3 fxg4+ 37. Kxg4 Qc4+ 38. Qe4 Rg6+ 39. Kh3 Qe6+
40. Kh2 Qxa2 41. R1e2 Qf7 42. g4 Rf6 43. Kg3 Rf1 44. Rf3 Rxf3+ 45. Qxf3 Qc4 46.
Re4 Qd5 47. Re2 Qd6 48. Qe4 Qf6 49. Qf5 Qd6 50. h5 e4+ 51. Kh4 e3 52. g5 Re6
53. h6+ Kg8 54. Kh5 Qc6 0-1

[Event "TORNEIO DE XADREZ DE NATAL - CMIL 2018"]
[Site "AV. RIO BRANCO 251 - 4º ANDAR"]
[Date "2019.12.10"]
[Round "6.7"]
[White "Napoleao Rolim"]
[Black "Vicente de Paulo Alencar de Br"]
[Result "0-1"]
[WhiteElo "1811"]
[BlackElo "2042"]
[PlyCount "74"]
[EventDate "2019.11.21"]

{[%evp 0,47,23,15,27,16,19,-19,-19,-19,6,-8,-9,-13,16,6,1,-25,-4,-4,8,-79,-38,
-82,-41,-104,-98,-99,-89,-86,-43,-76,-35,-81,-25,-25,-35,-85,-65,-62,-59,-95,
-85,-89,-82,-74,-76,-94,-65,-76]} 1. d4 Nf6 2. e3 g6 3. c3 Bg7 4. Nd2 b6 5.
Ngf3 Bb7 6. Bd3 d5 7. O-O O-O 8. Ne5 Nbd7 9. f4 Ne4 10. Ndf3 Ndf6 11. Ng5 c5
12. Nef3 h6 13. Nh3 Rc8 14. Nf2 c4 15. Bxe4 Nxe4 16. Ne5 Kh7 17. Nxe4 dxe4 18.
Ng4 h5 19. Nf2 f5 20. Nh1 Qd5 21. Nf2 Rfd8 22. Nh3 Bf6 23. Qe1 a5 24. Qg3 b5
25. Ng5+ Kh6 26. h4 b4 27. Kh2 Kg7 28. Bd2 Re8 29. Rad1 Ba6 30. Rg1 e5 31. dxe5
Rxe5 32. Be1 Qxd1 33. fxe5 Bxg5 34. Qxg5 Qd8 35. Qf4 b3 36. axb3 cxb3 37. e6
Qc7 0-1